| Поле | Инд. | ПП | Название | Значение |
|---|---|---|---|---|
| Тип записи | a | |||
| Библиографический уровень | m | |||
| 001 | Контрольный номер | RU/LIBMSTU/291818313 | ||
| 005 | Дата корректировки | 20200521131400.3 | ||
| 008 | Кодируемые данные | 090402|||||||||ru |||||||||||000|||rus|| | ||
| 020 | a | ISBN | 5-7310-1968-1 | |
| c | Цена, тираж | 50-00 | ||
| 040 | b | Код языка каталог. | rus | |
| 041 | 0_ | a | Код языка текста | rus |
| 084 | a | Индекс другой классификации/Индекс ББК | 65.291.216 | |
| 090 | a | Полочн. индекс | 65.291.21 | |
| x | Авторский знак | Б 94 | ||
| 100 | 1_ | a | Автор | Буч О. В. |
| 245 | 10 | a | Заглавие | Методология процессного подхода к управлению организацией |
| b | Продолж. заглавия | монография | ||
| c | Ответственность | [науч. ред. А. Г. Столбов] ; Федер. агентство по образованию, ГОУ ВПО "С.-Петерб. гос. ун-т экономики и финансов" | ||
| 260 | a | Место издания | Санкт-Петербург | |
| b | Издательство | Изд-во СПбГУЭФ | ||
| c | Дата издания | 2005 | ||
| 300 | a | Объем | 219 с. | |
| b | Иллюстрации/ тип воспроизводства | ил. | ||
| 504 | a | Библиография | Библиогр.: с. 207-217 | |
| 650 | 04 | a | Основная рубрика | Управление организацией-Организация процессов |
| 653 | 0_ | a | Ключевые слова | Организации |
| a | Ключевые слова | Монографии | ||
| 653 | 1_ | a | Ключевые слова | Управление организациями |
| 653 | 1_ | a | Ключевые слова | Организация процессов |
| 901 | t | Тип документа | m | |
| 952 | c | Вид литературы | монография |